Classement du Ballon d'or 2016 - Statistiques

Statistiques générales
  • Ce quiz a été pris 392 fois
  • Le résultat moyen est 26 sur 30
Statistiques - réponses
Classement Joueur Club du Joueur Nationalité % Correct
1 Cristiano Ronaldo Real Madrid Portugal
100%
2 Lionel Messi FC Barcelone Argentine
100%
4 Luis Suarez FC Barcelone Uruguay
99%
5 Neymar Jr FC Barcelone Brésil
99%
3 Antoine Griezmann Atlético Madrid France
98%
6 Gareth Bale Real Madrid Pays de Galles
98%
13 Zlatan Ibrahimovic Paris Saint-Germain / Manchester United Suède
97%
18 Luka Modric Real Madrid Croatie
96%
14 Paul Pogba Juventus FC / Manchester United France
96%
16 Robert Lewandowski Bayern Munich Pologne
96%
21 Kevin De Bruyne Manchester City Belgique
95%
7 Riyad Mahrez Leicester City Algérie
95%
17 Toni Kroos Real Madrid Allemagne
94%
27 Hugo Lloris Tottenham Hotspur France
92%
11 Pierre-Emerick Aubameyang Borussia Dortmund Gabon
92%
8 Jamie Vardy Leicester City Angleterre
91%
20 Sergio Agüero Manchester City Argentine
89%
15 Arturo Vidal Bayern Munich Chili
88%
10 Pepe Real Madrid Portugal
88%
19 Dimitri Payet West Ham United France
87%
9 Gianluigi Buffon Juventus FC Italie
86%
28 Thomas Muller Bayern Munich Allemagne
86%
25 Andres Iniesta FC Barcelone Espagne
85%
22 Paulo Dybala Juventus FC Argentine
82%
29 Manuel Neuer Bayern Munich Allemagne
80%
30 Sergio Ramos Real Madrid Espagne
80%
24 Gonzalo Higuain SSC Naples / Juventus FC Argentine
76%
23 Diego Godin Atlético Madrid Uruguay
75%
26 Koke Atlético Madrid Espagne
64%
12 Rui Patricio Sporting CP Portugal
38%
Aucun quiz correspondant
Distribution des résultats
% des personnes avec chaque résultat
Percentile par nombre de réponses
Votre historique - résultats
Vous n’avez pas pris ce quiz